Muzium sebagai pusat Pengumpulan, Penyimpanan dan Rujukan Khazanah Sejarah dan Budaya Negara -Rintangan dan Pendekatan untuk menentukan ianya relevan. (Record no. 107783)

MARC details
000 -LEADER
fixed length control field 00843nam a2200229 i 4500
001 - CONTROL NUMBER
control field C2-0304659
003 - CONTROL NUMBER IDENTIFIER
control field PPAK
005 - DATE AND TIME OF LATEST TRANSACTION
control field 20190626103001.0
008 - FIXED-LENGTH DATA ELEMENTS--GENERAL INFORMATION
fixed length control field 100609s xx |||| ||||| | may d
040 ## - CATALOGING SOURCE
Original cataloging agency PPAK
Language of cataloging eng
Transcribing agency PPAK
Description conventions rda
082 04 - DEWEY DECIMAL CLASSIFICATION NUMBER
Classification number 069.209595
Edition number 23
090 00 - LOCALLY ASSIGNED LC-TYPE CALL NUMBER (OCLC); LOCAL CALL NUMBER (RLIN)
Classification number (OCLC) (R) ; Classification number, CALL (RLIN) (NR) 069.209595
Feature heading ISM
Feature heading KLB
100 0# - MAIN ENTRY--PERSONAL NAME
Personal name Ismail Adam,
Titles and words associated with a name Datuk
Relator term author
245 10 - TITLE STATEMENT
Title Muzium sebagai pusat Pengumpulan, Penyimpanan dan Rujukan Khazanah Sejarah dan Budaya Negara -Rintangan dan Pendekatan untuk menentukan ianya relevan.
300 ## - PHYSICAL DESCRIPTION
Extent 4 pages ;
Dimensions 30 cm
336 ## - CONTENT TYPE
Source rdacontent
Content type term text
337 ## - MEDIA TYPE
Source rdamedia
Media type term unmediated
338 ## - CARRIER TYPE
Source rdacarrier
Carrier type term volume
500 ## - GENERAL NOTE
General note Kertas Kerja ini telah dibentangkan oleh Yg. Bhg. Datuk Ismail Adam pada 11 Oktober 2003 di Auditorium Jabatan Muzium dan Antikuiti.
650 10 - SUBJECT ADDED ENTRY--TOPICAL TERM
Topical term or geographic name entry element Museums - Malaysia
942 ## - ADDED ENTRY ELEMENTS (KOHA)
Koha item type Book
Source of classification or shelving scheme Dewey Decimal Classification
Holdings
Withdrawn Not for loan Current library Shelving location Date acquired Full call number Barcode Date last seen Koha item type
  Not For Loan Perpustakaan Merbok Koleksi Lembah Bujang 09/06/2010 KLB 069.209595 ISM A00510493 09/05/2018 Book
  Not For Loan Perpustakaan Merbok Koleksi Lembah Bujang 09/06/2010 KLB 069.209595 ISM A00510495 09/05/2018 Book